Sự kiên lịch sử 30-04-1975 và những cuộc chiến oanh liệt tiến đến giải phóng dân tộc thống nhất đất nước
Wedi'i Gadw mewn:
| Awduron Eraill: | , |
|---|---|
| Fformat: | Llyfr |
| Iaith: | Vietnamese |
| Cyhoeddwyd: |
Hà Nội
Lao động
2009
|
| Pynciau: | |
| Tagiau: |
Ychwanegu Tag
Dim Tagiau, Byddwch y cyntaf i dagio'r cofnod hwn!
|
| Thư viện lưu trữ: | Trung tâm Học liệu Lê Vũ Hùng, Trường Đại học Đồng Tháp |
|---|
| LEADER | 00879pam a22002658a 4500 | ||
|---|---|---|---|
| 001 | 00041289 | ||
| 005 | 20180412090434.0 | ||
| 008 | 161003s2015 ||||||viesd | ||
| 020 | # | # | |c 295000 |
| 041 | 0 | # | |a vie |
| 082 | 1 | 4 | |a 959.704 |b S550K |
| 245 | 0 | 0 | |a Sự kiên lịch sử 30-04-1975 và những cuộc chiến oanh liệt tiến đến giải phóng dân tộc thống nhất đất nước |
| 260 | # | # | |a Hà Nội |b Lao động |c 2009 |
| 300 | # | # | |a 562 tr |c 27 cm. |
| 653 | # | # | |a Chiến thắng |
| 653 | # | # | |a Lịch sử |
| 653 | # | # | |a Độc lập |
| 653 | # | # | |a Việt Nam |
| 653 | # | # | |a Pháp |
| 653 | # | # | |a Mỹ |
| 700 | 1 | # | |a Tăng, Bình |e s.t |
| 700 | 1 | # | |a Ngọc, Tuyền |e s.t |
| 852 | # | # | |j KD.0023478 |
| 910 | |d 12/04/2018 | ||
| 980 | # | # | |a Trung tâm Học liệu Lê Vũ Hùng, Trường Đại học Đồng Tháp |